A- Level reading stage 1 Units 11-20

Wedi'i Gadw mewn:
Manylion Llyfryddiaeth
Awdur Corfforaethol: Pedagogical university of DongThap
Fformat: Llyfr
Iaith:English
Cyhoeddwyd: DongThap [kxd] [kxd]
Pynciau:
Tagiau: Ychwanegu Tag
Dim Tagiau, Byddwch y cyntaf i dagio'r cofnod hwn!
Thư viện lưu trữ: Trung tâm Học liệu Lê Vũ Hùng, Trường Đại học Đồng Tháp
LEADER 00677pam a22002298a 4500
001 00025981
005 20171026081023.0
008 110812s[kxd ||||||engsd
041 0 # |a eng 
082 1 4 |a 428  |b A100L 
110 1 # |a Pedagogical university of DongThap 
245 0 0 |a A- Level reading stage 1  |b Units 11-20 
260 # # |a DongThap  |b [kxd]  |c [kxd] 
300 # # |a 135p.  |c 27cm. 
653 # # |a chứng chỉ 
653 # # |a tiếng anh 
852 # # |b Kho giáo trình  |j KGT.0027997 
852 # # |b Kho mượn  |j KGT.0027997 
852 # # |j KGT.0027997 
910 |d 12/08/2011 
980 # # |a Trung tâm Học liệu Lê Vũ Hùng, Trường Đại học Đồng Tháp